| 000 | 00631nam a2200217Ia 4500 | ||
|---|---|---|---|
| 005 | 20250508165655.0 | ||
| 008 | 008 250505s9999 xx 000 0 eng d | ||
| 020 | _a0-300-06163-3 | ||
| 037 | _aPeriodicals | ||
| 040 |
_aFEDL _beng _cFEDL |
||
| 041 |
_aeng _2eng |
||
| 084 |
_a523.18, BAR/O _qFEDL |
||
| 100 | _aBarrow John D. | ||
| 245 | 0 | _aLeft hand of creation : the origin and evolution of the expanding universe | |
| 260 |
_aLondon, UK _bUnwin Paperback _c1983 |
||
| 300 | _a256p. | ||
| 365 |
_aINR _b103 |
||
| 700 |
_a Silk Joseph _9781576 |
||
| 942 |
_cCR _h523.18, BAR/O |
||
| 999 |
_c1396670 _d1396670 |
||